| 000 | 004310000a22001810004500 | ||
|---|---|---|---|
| 003 | MACL | ||
| 005 | 20150812131347.0 | ||
| 008 | 150812b xxu||||| |||| 00| 0 eng d | ||
| 040 |
_aMACL _cMACL |
||
| 041 | _aEnglish | ||
| 082 | _a370/PRA | ||
| 100 |
_aPrabhakar, Manohar _94960 |
||
| 245 | _aIndian Studies Abroad | ||
| 260 |
_bUnique traders _c1977 _aJaipur |
||
| 350 | _a30 | ||
| 650 |
_aEducation _94961 |
||
| 942 |
_cBK _k370 _2ddc |
||
| 999 |
_c5611 _d5611 |
||